000 01695nam a2200337 c 4500
003 BLK
005 20180420214831.0
008 180412b bul|||||r ||||||| ||bul||
010 _aKNG00014907000
020 _a954-8223-30-9
_bиздат.: Унив. изд. Св. Климент Охридски
040 _aBLK
041 _aBUL
_cBUL
080 _aГражданско съдопроизводство. Граждански процес. - Видове гражданско съдопроизводство:арбитражна, опростени процедури за по-дребни случаи, формалности при съдебна процедура, разследване, доказване
_b347.91/.95
_x
_z347.91/.95
100 1 _aМингова, Анелия Йорданова
_eпърви автор
_9258215
139 _aМингова, Анелия Йорданова
_bМ 62
245 1 0 _aВъпроси на апелативното обжалване по граждански дела
_cАнелия Йорданова Мингова.
257 _aBGR
260 София
_bУнив. изд. Св. Климент Охридски
_c1996
300 _a184 с.
_c22 см
380 _a3
500 _aДеп. списък: 43 ; 150 тир
650 4 _aСъдебни решения - обжалване
_9258216
650 4 _aСъдопроизводство
_9172947
653 _aсъдебни решения
653 _aгражданско съдопроизводство
852 _aЦб 190786
856 4 _qpdf
_u
856 4 _qpdf
_u
942 _cKNG
_n0
944 _aCR
_c15.01.2003
_kКети_Илиева
944 _aED
_c27.08.2015
_kВаля_Йорданова
999 _c13272
_d13272